000 00755nam a2200241Ia 4500
003 OSt
005 20220923224404.0
006 a|||||r|||| 00| 0
007 ta
008 Pun
024 _a231,899
037 _cTextual
040 _aARTS
_cARTS
_bPun
041 _2Pun
_aPun
082 _aO153:g(Y5927), N8
100 _aਨੂਰ, ਸੁਰਿੰਦਰ ਸਿੰਘ, ਥਦ.
245 0 _aਦਲਿਤ ਚੇਤਨਾ ਅਤੇ ਸਾਹਿਤ
260 _aਦਿੱਲੀ
_b ਪੰਜਾਬੀ ਅਕਾਦਮੀ
_c1998
300 _a100ਪੰ
_ccm.
650 _aਪੰਜਾਬੀ ਸਾਹਿਤ
942 _hO153:g(Y5927), N8
_cTEXL
_2CC
999 _c371107
_d371107